00353nam a2200133 a 45000010010000000030011000100080041000210350026000620820017000881000021001052450036001262600047001626500010002090000-9351ELIB.Books110520 1957  a(ELIB.Books)0000-9503 a220.12 bFil aFilson, Floyd V. aWhich Books Belong in the Bible bPhiladelphia: The Westminster Press c1957 aBible